[Event "HUN-chT BAZ megyei CSB 2223"]
[Site "Hungary"]
[Date "2022.11.13"]
[Round "4.7"]
[White "Toth, Kinga"]
[Black "Tanczula, Janos"]
[Result "1-0"]
[WhiteElo "1295"]
[BlackElo "1456"]
[PlyCount "101"]
[EventDate "2022.09.25"]
[EventType "team-tourn"]
[EventRounds "9"]
[EventCountry "HUN"]
[SourceTitle "EXT 2025"]
[Source "ChessBase"]
[SourceDate "2024.10.14"]
[SourceVersion "1"]
[SourceVersionDate "2024.10.14"]
[SourceQuality "1"]
[WhiteTeam "DVTK III"]
[BlackTeam "Kazincbarcika II"]
[WhiteTeamCountry "HUN"]
[BlackTeamCountry "HUN"]

1. e4 e5 2. Nf3 d6 3. Nc3 c6 4. Be2 Be6 5. 0-0 Be7 6. d4 exd4 7. Nxd4 Qc8 8. Nxe6 Qxe6 9. Bg4 Qe5 10. Be3 Nf6 11. f4 Qa5 12. Bf3 0-0 13. Bd4 Nbd7 14. b4 Qc7 15. Rb1 b5 16. a4 bxa4 17. b5 c5 18. Bxf6 Bxf6 19. e5 dxe5 20. Bxa8 Rxa8 21. Qd5 Nb6 22. Qf3 exf4 23. Nxa4 Bd4+ 24. Kh1 Rb8 25. Nxb6 Rxb6 26. c4 g6 27. Rfe1 Kg7 28. Re8 Qd7 29. Re4 Be3 30. Re5 Qd4 31. Re7 Qxc4 32. h3 a6 33. Re4 Qc2 34. Rf1 Qb3 35. Rxf4 f5 36. Re1 Re6 37. Rh4 Re7 38. bxa6 c4 39. a7 Qc3 40. Rxe3 Rxe3 41. Qb7+ Kf6 42. Qb6+ Re6 43. Qd8+ Re7 44. Qh8+ Rg7 45. a8Q Qe1+ 46. Kh2 Qe5+ 47. g3 Qb2+ 48. Qg2 Qb6 49. Rxh7 Qc7 50. Qxg7+ Qxg7 51. Qb2+ 1-0

[Event "HUN-chT BAZ megyei CSB 2122"]
[Site "Hungary"]
[Date "2022.02.20"]
[Round "7.5"]
[White "Bako, Milan"]
[Black "Toth, Kinga"]
[Result "1-0"]
[WhiteElo "1715"]
[BlackElo "1181"]
[PlyCount "75"]
[EventDate "2021.10.17"]
[EventType "team-tourn"]
[EventRounds "9"]
[EventCountry "HUN"]
[SourceTitle "EXT 2025"]
[Source "ChessBase"]
[SourceDate "2024.10.14"]
[SourceVersion "1"]
[SourceVersionDate "2024.10.14"]
[SourceQuality "1"]
[WhiteTeam "Edelenyi VSE II"]
[BlackTeam "DVTK III"]
[WhiteTeamCountry "HUN"]
[BlackTeamCountry "HUN"]

1. e4 c5 2. Nc3 d6 3. g3 Nf6 4. Bg2 Nc6 5. Nge2 g6 6. 0-0 Bg7 7. d3 0-0 8. Be3 Bd7 9. h3 a6 10. Qd2 Re8 11. f4 Qb6 12. g4 Qxb2 13. Rab1 Qa3 14. g5 Nh5 15. Rxb7 Bc8 16. Rc7 Nb4 17. e5 Rb8 18. exd6 exd6 19. Nd5 Qxa2 20. Nxb4 Rxb4 21. Bc6 Rf8 22. d4 Bxh3 23. dxc5 Bxf1 24. Kxf1 Rb1+ 25. Kg2 Rb2 26. Bd5 Qa4 27. cxd6 Rbb8 28. Bb3 Qe4+ 29. Kh2 Qf5 30. Qd5 Qxd5 31. Bxd5 Rbd8 32. d7 a5 33. Bc5 a4 34. Be7 h6 35. Bxd8 Rxd8 36. Rc8 a3 37. Rxd8+ Kh7 38. Ra8 1-0

[Event "HUN-chT BAZ megyei CSB 2122"]
[Site "Hungary"]
[Date "2022.01.23"]
[Round "6.4"]
[White "Kacsandi, Lili Fruzsina"]
[Black "Toth, Kinga"]
[Result "1-0"]
[WhiteElo "1794"]
[BlackElo "1184"]
[PlyCount "105"]
[EventDate "2021.10.17"]
[EventType "team-tourn"]
[EventRounds "9"]
[EventCountry "HUN"]
[SourceTitle "EXT 2025"]
[Source "ChessBase"]
[SourceDate "2024.10.14"]
[SourceVersion "1"]
[SourceVersionDate "2024.10.14"]
[SourceQuality "1"]
[WhiteTeam "Szirmabesenyo II"]
[BlackTeam "DVTK III"]
[WhiteTeamCountry "HUN"]
[BlackTeamCountry "HUN"]

1. e4 c5 2. Nc3 d6 3. g3 Nf6 4. Bg2 g6 5. d3 Bg7 6. h3 0-0 7. Be3 Nc6 8. Qd2 Nd4 9. Nd1 Be6 10. c3 Nb5 11. Bh6 Qd7 12. f3 Nc7 13. g4 d5 14. e5 Nfe8 15. h4 d4 16. c4 Na6 17. h5 Qc7 18. Bxg7 Nxg7 19. hxg6 Qxe5+ 20. Ne2 fxg6 21. Qh6 Nb4 22. Kd2 Nc2 23. f4 Rxf4 24. Nxf4 Nxa1 25. Qxh7+ Kf7 26. Qxg6+ Kf8 27. Nxe6+ Nxe6 28. Rf1+ Nf4 29. Qh6+ Ke8 30. Rxf4 Kd7 31. Re4 Rh8 32. Rxe5 Rxh6 33. g5 Rh2 34. Re2 Rh8 35. g6 Rg8 36. Be4 Ke8 37. Rg2 Rg7 38. Rh2 Kf8 39. Rh7 e5 40. Rxg7 Kxg7 41. Nf2 b6 42. Ng4 a6 43. Kc1 b5 44. Kb1 bxc4 45. dxc4 a5 46. Kxa1 Kg8 47. Nf6+ Kg7 48. Nh5+ Kg8 49. g7 a4 50. Bd5+ Kh7 51. g8Q+ Kh6 52. Qg7+ Kxh5 53. Bf3+ 1-0

[Event "HUN-chT BAZ megyei CSB 2122"]
[Site "Hungary"]
[Date "2021.10.17"]
[Round "1.5"]
[White "Szabo, Akos"]
[Black "Toth, Kinga"]
[Result "1-0"]
[WhiteElo "1731"]
[BlackElo "1150"]
[PlyCount "93"]
[EventDate "2021.10.17"]
[EventType "team-tourn"]
[EventRounds "9"]
[EventCountry "HUN"]
[SourceTitle "EXT 2025"]
[Source "ChessBase"]
[SourceDate "2024.10.14"]
[SourceVersion "1"]
[SourceVersionDate "2024.10.14"]
[SourceQuality "1"]
[WhiteTeam "DVTK II"]
[BlackTeam "DVTK III"]
[WhiteTeamCountry "HUN"]
[BlackTeamCountry "HUN"]

1. e4 c5 2. Nf3 d6 3. d4 cxd4 4. Nxd4 Nf6 5. Nc3 g6 6. Be3 Bg7 7. f3 0-0 8. Qd2 Nc6 9. 0-0-0 Bd7 10. g4 Rc8 11. h4 Qa5 12. h5 Nb4 13. Kb1 Rxc3 14. Qxc3 Qxa2+ 15. Kc1 Qa5 16. Qb3 Rc8 17. c3 b6 18. Bc4 d5 19. Bxd5 Nfxd5 20. exd5 Ba4 21. Qa3 Bxd1 22. Qxa5 bxa5 23. Rxd1 Nxd5 24. Nf5 Nxc3 25. Nxe7+ Kf8 26. Nxc8 Nxd1 27. Kxd1 Bxb2 28. Nxa7 a4 29. Kc2 Bg7 30. h6 Bh8 31. Bc5+ Ke8 32. Ba3 Kd7 33. Kd3 Kc7 34. Kc4 Kb7 35. Nb5 Kc6 36. Nd6 f5 37. gxf5 gxf5 38. Nxf5 Kd7 39. Kd5 Ke8 40. Ke6 Kd8 41. Ng7 Kc7 42. Kf7 Kc6 43. Kg8 Kb5 44. Kxh8 Kc4 45. Kxh7 Kb3 46. Bf8 a3 47. Bxa3 1-0